书目信息 |
| 题名: |
自然资源学原理
|
|
| 作者: | 蔡运龙 编著 | |
| 分册: | ||
| 出版信息: | 北京 科学出版社 2007 |
|
| 页数: | 477页 | |
| 开本: | 24cm | |
| 丛书名: | 北京大学地理科学丛书 | |
| 单 册: | ||
| 中图分类: | X37 | |
| 科图分类: | ||
| 主题词: | 自然资源--zi ran zi yuan--高等教育--教材 , 自然资源--zi ran zi yuan | |
| 电子资源: | ||
| ISBN: | 978-7-03-019154-0 | |
| 000 | 00967oam2 2200289 450 | |
| 001 | 2159535412 | |
| 005 | 20211012170938.45 | |
| 010 | @a978-7-03-019154-0@dCNY79.00 | |
| 100 | @a20190608e20192007em y0chiy50 ea | |
| 101 | 0 | @achi |
| 102 | @aCN@b110000 | |
| 105 | @ay z 000yy | |
| 106 | @ar | |
| 200 | 1 | @a自然资源学原理@Azi ran zi yuan xue yuan li@f蔡运龙编著 |
| 205 | @a2版 | |
| 210 | @a北京@c科学出版社@d2007@h2019.12重印 | |
| 215 | @a477页@d24cm | |
| 225 | 2 | @a北京大学地理科学丛书@Abei jing da xue di li ke xue cong shu |
| 300 | @a普通高等教育“十一五”国家级规划教材 | |
| 330 | @a本书介绍了自然资源及其稀缺的性质、自然资源生态学原理、自然资源经济学原理等内容。 | |
| 461 | 0 | @12001 @a北京大学地理科学丛书 |
| 606 | 0 | @a自然资源@Azi ran zi yuan@x高等教育@j教材 |
| 606 | 0 | @a自然资源@Azi ran zi yuan |
| 690 | @aX37@v4 | |
| 701 | 0 | @a蔡运龙@Acai yun long@f(1948.3~)@4编著 |
| 801 | 0 | @aCN@b百万庄@c20211009 |
| 905 | @b1308328-331@dX37@e288=2@f4 | |
| 自然资源学原理/蔡运龙编著.-2版.-北京:科学出版社,2007(2019.12重印) |
| 477页;24cm.-(北京大学地理科学丛书) |
| 普通高等教育“十一五”国家级规划教材 |
| ISBN 978-7-03-019154-0:CNY79.00 |
| 本书介绍了自然资源及其稀缺的性质、自然资源生态学原理、自然资源经济学原理等内容。 |
| ● |
| 相关链接 |
|
|
|
|
正题名:自然资源学原理
索取号:X37/288=2
 
预约/预借
| 序号 | 登录号 | 条形码 | 馆藏地/架位号 | 状态 | 备注 |
| 1 | 1308328 | 213083287 | 第二样本阅览室/ [索取号:X37/288=2] | 在馆 | |
| 2 | 1308329 | 213083296 | 第三借阅区/ [索取号:X37/288=2] | 在馆 | |
| 3 | 1308330 | 213083303 | 第三借阅区/ [索取号:X37/288=2] | 在馆 | |
| 4 | 1308331 | 213083312 | 第三借阅区/ [索取号:X37/288=2] | 在馆 |